Buteurs français coupe du monde 2018 - Statistiques

Statistiques générales
  • Ce quiz a été pris 382 fois
  • Le résultat moyen est 6 sur 6
Statistiques - réponses
Buts Joueurs % Correct
4 Kylian Mbappe
100%
4 Antoine Griezman
99%
1 Paul Pogba
93%
1 Benjamin Pavard
92%
1 Samuel Umtiti
88%
1 Raphael Varane
81%
Aucun quiz correspondant
Distribution des résultats
% des personnes avec chaque résultat
Percentile par nombre de réponses
Votre historique - résultats
Vous n’avez pas pris ce quiz